Detalles MARC
| 000 -Cabecera |
| Campo de control de longitud fija |
01709nam a22005417a 4500 |
| 005 - Fecha y hora de la última transacción |
| Campo de control |
20250929162231.0 |
| 008 - Elementos de longitud fija--Información general |
| Campo de control de longitud fija |
210819b2017 xxu||||| |||| 00| 0 spa d |
| 020 ## - International Standard Book Number |
| Número Internacional Estándar del Libro (ISBN) |
9788417129354 |
| 041 ## - Idioma |
| Código de idioma |
Español |
| 082 ## - Clasificación Decimal Dewey |
| Número de clasificación |
658.45 P659n4 |
| 100 ## - Entrada principal--Autor personal |
| Nombre personal |
Pintado Blanco, Teresa |
| 9 (RLIN) |
51596 |
| 100 ## - Entrada principal--Autor personal |
| Nombre personal |
Sánchez Herrera, Joaquín |
| 9 (RLIN) |
51595 |
| 245 ## - Título propiamente dicho |
| Título |
Nuevas tendencias en comunicación estratégica |
| 260 ## - Pie de imprenta |
| Lugar de publicación, distribución, etc. |
España |
| 260 ## - Pie de imprenta |
| Nombre del editor, distribuidor, etc. |
ESIC |
| 260 ## - Pie de imprenta |
| Fecha de publicación, distribución, etc. |
2017 |
| 300 ## - Descripción física |
| Extensión |
468 páginas |
| 490 ## - Serie |
| Título de la Serie |
Dirección y Administración de Empresas |
| 650 ## - Materia general |
| Temática (materia general) |
COMUNICACIÓN CÓMO ESTRATEGIA GERENCIAL |
| 650 ## - Materia general |
| Temática (materia general) |
COMUNICACIÓN 360 |
| 650 ## - Materia general |
| Temática (materia general) |
COMUNICACIÓN SOCIAL |
| 650 ## - Materia general |
| Temática (materia general) |
PUBLICIDAD ONLINE |
| 650 ## - Materia general |
| Temática (materia general) |
E-MAIL MARKETING |
| 650 ## - Materia general |
| Temática (materia general) |
HERRAMIENTAS DE COMUNICACIÓN SOCIAL EN INTERNET |
| 650 ## - Materia general |
| Temática (materia general) |
BLOGS |
| 650 ## - Materia general |
| Temática (materia general) |
REDES SOCIALES Y COMUNICACIÓN COMERCIAL |
| 650 ## - Materia general |
| Temática (materia general) |
COMUNICACION VIRAL |
| 650 ## - Materia general |
| Temática (materia general) |
BUZZ MARKETING |
| 650 ## - Materia general |
| Temática (materia general) |
COMUNICACIÓN BOCA-OREJA |
| 650 ## - Materia general |
| Temática (materia general) |
MARKETING SUBVIRAL |
| 650 ## - Materia general |
| Temática (materia general) |
TÉCNICAS DE COMUNICACIÓN EN DISPOSITIVOS MOVILES |
| 650 ## - Materia general |
| Temática (materia general) |
INTERNET EN EL BOLSILLO |
| 650 ## - Materia general |
| Temática (materia general) |
MARKETING DE PROXIMIDAD |
| 650 ## - Materia general |
| Temática (materia general) |
REALIDAD AUMENTADA |
| 650 ## - Materia general |
| Temática (materia general) |
NUEVAS TENDENCIAS EN COMUNICACIÓN INTERNA |
| 650 ## - Materia general |
| Temática (materia general) |
MARKETING DE CONTENIDO |
| 650 ## - Materia general |
| Temática (materia general) |
STORY-TELLYNG |
| 650 ## - Materia general |
| Temática (materia general) |
ADVERGAMING COMO HERRAMIENTA PUBLICITARIA |
| 650 ## - Materia general |
| Temática (materia general) |
COMUNICACIÓN INTEGRADAD |
| 650 ## - Materia general |
| Temática (materia general) |
STREET MARKETING |
| 650 ## - Materia general |
| Temática (materia general) |
AMBIENT MARKETING |
| 650 ## - Materia general |
| Temática (materia general) |
GESTIÓN DE LA COMUNICACIÓN EXPERIENCIAL |
| 650 ## - Materia general |
| Temática (materia general) |
NEUROMARKETING |
| 650 ## - Materia general |
| Temática (materia general) |
BIG DATA Y COMUNICACIÓN |
| 650 ## - Materia general |
| Temática (materia general) |
TRYVERTISING |
| 650 ## - Materia general |
| Temática (materia general) |
TENDENCIAS EMERGENCIAS |
| 942 ## - Punto de acceso adicional KOHA |
| Tipo de ítem KOHA |
Libro |
| Fuente del sistema de clasificación o colocación |
Dewey Decimal Classification |